| Tag |
First Indicator |
Second Indicator |
Subfields |
| LEADER |
00000cam a2200000 a 4500 |
| 001 |
in00000077069 |
| 005 |
20151008060521.0 |
| 008 |
820414s1980 onc b 00110 eng |
| 010 |
|
|
|a 81109579
|
| 015 |
|
|
|a C80-94104-7
|
| 020 |
|
|
|a 0888623011
|
| 020 |
|
|
|a 0888623003 (pbk.)
|
| 035 |
|
|
|a (OCoLC)07605278
|
| 035 |
|
|
|9 AAJ5929AM
|
| 039 |
0 |
|
|a 2
|b 3
|c 3
|d 3
|e 3
|
| 040 |
|
|
|a DLC
|c DLC
|d TXA
|d UtOrBLW
|
| 043 |
|
|
|a n-cn---
|
| 049 |
|
|
|a TXAM
|c [1633074]
|
| 050 |
0 |
0 |
|a QH545.A1
|b H68
|
| 082 |
0 |
|
|a 363.7/3/0971
|2 19
|
| 100 |
1 |
|
|a Howard, Ross,
|d 1946-
|
| 245 |
1 |
0 |
|a Poisons in public :
|b case studies of environmental pollution in Canada /
|c Ross Howard.
|
| 264 |
|
1 |
|a Toronto :
|b J. Lorimer,
|c 1980.
|
| 300 |
|
|
|a 173 pages ;
|c 24 cm.
|
| 336 |
|
|
|a text
|b txt
|2 rdacontent
|
| 337 |
|
|
|a unmediated
|b n
|2 rdamedia
|
| 338 |
|
|
|a volume
|b nc
|2 rdacarrier
|
| 504 |
|
|
|a Includes bibliographical references and index.
|
| 650 |
|
0 |
|a Pollution
|x Environmental aspects
|z Canada.
|
| 650 |
|
0 |
|a Pollution
|x Economic aspects
|z Canada.
|
| 650 |
|
0 |
|a Pollution
|x Social aspects
|z Canada.
|
| 650 |
|
0 |
|a Environmental protection
|z Canada.
|
| 999 |
|
|
|a MARS
|
| 999 |
f |
f |
|s 0aa17b71-9c72-3d8c-95d7-e5e4480dc368
|i 1c22271c-3cd3-394a-aec5-4b27d0232dbc
|t 0
|
| 952 |
f |
f |
|p ric
|a Texas A&M University
|b Rellis Campus
|c Joint Library Facility
|d Remote Storage
|t 0
|e QH545.A1 H68
|h Library of Congress classification
|i unmediated -- volume
|m A14806217822
|
| 998 |
f |
f |
|a QH545.A1 H68
|t 0
|l Remote Storage
|